000
00205 a2200097 4500
001
32575
100
_a
Mosley, L
245
_a
Lindbergh
260
_a
London
_b
Hodder & Stoughton
_c
090
_c
21791
_d
21791
942
_a
NUST-CAE
_c
M
_c
13104
999
_c
267648
_d
267648